Statistiques concernant Pays avec un ou plusieurs J

Cliquez ici pour prendre le quiz!

Statistiques générales

  • Ce quiz a été pris 265 fois
  • Le résultat moyen est 5 sur 7

Statistiques - réponses

Nombre de J Pays % Correct
JJordanie
89%
JJapon
86%
JJamaïque
82%
JTadjikistan
62%
JAzerbaïdjan
60%
JFidji
53%
JDjibouti
48%

Distribution des résultats

Percentile by Number Answered

% des personnes avec chaque résultat

Votre développement - résultats

Vous n’avez pas pris ce quiz